Types of gemstones: very hard version - Statistics

General Stats
  • This quiz has been taken 82 times
  • The average score is 14 of 22
Answer Stats
Picture Answer % Correct
emerald
95%
pearl
93%
ruby
92%
sapphire
90%
amethyst
86%
jade
78%
amber
75%
opal
75%
peridot
75%
turquoise
73%
pyrite
54%
rose quartz
54%
tigers eye
54%
topaz
54%
tourmaline
54%
moonstone
51%
agate
44%
onyx
41%
jasper
37%
carnelian
31%
tanzanite
29%
malachite
17%
No matching quizzes found
Score Distribution
Percent of People with Each Score
Percentile by Number Answered
Your Score History
You have not taken this quiz